01169naa#a2200241#i#4500001001600000005001700016011001400033100004100047101000800088102000700096200019800103210013900301215001100440608004500451675007700496686008000573700005200653700004600705700005600751700005000807700005200857856001800909RU\\bibl\11982420260603230822.3##a2076-0655##a20260605b2026####ek#y0rusy0150####ca0#aRUS##aRU1#aВЛИЯНИЕ РАЗЛИЧНЫХ ВЯЖУЩИХ И ДОБАВОК НА ПОЛУЧЕНИЕ И СВОЙСТВА НЕАВTОКЛАВНОГО ПЕНОБЕTОНАeЖурнальная статья1#aМоскваcИндивидуальный Предприниматель Самченко Светлана Васильевнаd2026##a11 с.##aЖурнальная статья2local##aПрочие цементы и смеси цементов. 666.949zRUS##aСтроительные материалы и изделия. 67.092grnti#1aСавенковgАндрей Иванович#1aФедюкgРоман Сергеевич#1aЛымаревgВиталий Николаевич#1aАнваровgАскар Рамилевич#1aНедосекоgИгорь Вадимович4#atsilicates.ru